Loading...
| Literature - American Literature | 0 | 4 | 0 | 0 | 40 | 110 | 118.00 | 0 | 4 |
| Fine Arts - Other Fine Arts | 0 | 4 | 0 | 1 | 40 | 83 | 105.25 | 1 | 4 |
| History - World History | 1 | 2 | 0 | 0 | 35 | 69 | 81.00 | 1 | 3 |
| History - American History | 1 | 2 | 2 | 1 | 25 | 59 | 99.67 | 1 | 3 |
| Fine Arts - Auditory Fine Arts | 0 | 3 | 1 | 2 | 25 | 115 | 133.00 | 0 | 3 |
| History - European History | 2 | 0 | 2 | 0 | 20 | 49 | 51.00 | 2 | 2 |
| History - Other History | 0 | 2 | 0 | 0 | 20 | 86 | 89.00 | 0 | 2 |
| Geography | 0 | 2 | 0 | 0 | 20 | 95 | 111.00 | 0 | 2 |
| Religion | 0 | 2 | 1 | 1 | 15 | 83 | 87.00 | 1 | 2 |
| Fine Arts - Visual Fine Arts | 0 | 2 | 1 | 0 | 15 | 114 | 123.00 | 0 | 2 |
| Current Events | 0 | 1 | 0 | 0 | 10 | 104 | 104.00 | 1 | 1 |
| Literature - British Literature | 0 | 1 | 1 | 0 | 5 | 95 | 95.00 | 0 | 1 |
| Social Science | 0 | 0 | 1 | 0 | -5 | 0.00 | 0 | 0 |